000 03697nam a2200457 i 4500
001 991027021928407026
003 UkOxU
005 20250908125651.0
006 m o d |
007 cr#cnu||||||||
008 240307s2024 enka o 001 0 eng d
020 _a9781292446417
035 _a(MiAaPQ)EBC7261465
035 _a(Au-PeEL)EBL7261465
035 _a(MiAaPQ)EBC7261466
035 _a(Au-PeEL)EBL7261466
035 _a(CKB)26940412900041
035 _a(OCoLC)1399429385
035 _a(FINmELB)ELB231124
035 _a(MiAaPQ)EBC31755806
035 _a(Au-PeEL)EBL31755806
035 _a(OCoLC)1382694122
035 _a(MiAaPQ)EBC32036143
035 _a(Au-PeEL)EBL32036143
035 _a(EXLCZ)9926940412900041
040 _aMiAaPQ
_beng
_erda
_epn
_cMiAaPQ
_dMiAaPQ
_dUkOxU
041 _aEnglish
050 4 _aHG173
_b.B475 2024
100 _aBerk, Jonathan B.
_d1962-
_eauthor.
_91909
245 1 0 _aCorporate finance
_c/ Jonathan Berk and Peter DeMarzo.
250 _aSixth edition.
250 _aGlobal edition.
264 1 _aHarlow, England :
_bPearson Education Limited,
_c[2024]
300 _a1 online resource (1196 pages)
505 0 _aBridging Theory and Practice — Teaching Students to Think Finance — Engaging with Concepts and Data — About the Authors — Preface — Introduction — The Corporation and Financial Markets — The Four Types of Firms — Sole Proprietorships — Partnerships — Limited Liability Companies — Corporations — Tax Implications for Corporate Entities — Corporate Taxation Around the World — Ownership Versus Control of Corporations — The Corporate Management Team — Interview with David Viniar — The Financial Manager — Finance in Times of Disruption: The Dodd-Frank Act — The Goal of the Firm — The Firm and Society — Ethics and Incentives within Corporations — Shareholder versus Stakeholder Value — Finance in Times of Disruption: The Dodd-Frank Act on Corporate Compensation — Citizens United v. Federal Election Commission — Airlines in Bankruptcy — The Stock Market — Primary and Secondary Stock Markets — Traditional Trading Venues — Interview with Adena T. Friedman — New Competition and Market Changes — Dark Pools — Fintech: Finance and Technology — Telecommunications — Security and Verification — Automation of Banking Services — Big Data and Machine Learning — Competition — Key Points and Equations — Key Terms — Further Reading — Problems — Introduction to Financial Statement Analysis — Firms’ Disclosure of Financial Information — Preparation of Financial Statements — International Financial Reporting Standards — Interview with Ruth Porat — Types of Financial Statements — The Balance Sheet — Assets — Liabilities — Stockholders’ Equity — Market Value Versus Book Value — Enterprise Value — The Income Statement.
520 _aUsing the valuation framework based on the Law of One Price, top researchers Jonathan Berk and Peter DeMarzo have set the new canon for corporate finance texts. Corporate Finance blends coverage of time-tested principles and the latest advancements with the practical perspective of the financial manager. You can “practice finance to learn finance” by solving problems like those faced by today's professionals. The 6th Edition features the latest research, data, events and technologies to help you develop the tools you need to make sound financial decisions.
650 0 _aFinance
_93911
700 _aDeMarzo, Peter M.
_eauthor.
_91908
856 _uhttps://bibliotheque.tbs-education.fr/Default/doc/SYRACUSE/3386427/corporate-finance
942 _2lcc
999 _c4919
_d4919